000 00361 a2200133 4500
005 20250311081411.0
020 _a9976-60-333-9
082 _a320.967 MSE
100 _aMSEKWA, P.
245 _aReflections on Tanzania's First Muti-Party Parliament: 1995-2000
260 _aDar es Salaam,
_bDUP (1996) LTD,
_c2000.
300 _aviii, 155p.
_c21cm.
942 _2ddc
_cBKS
999 _c321
_d321